| 000 | 00649nam a2200229 a 4500 | ||
|---|---|---|---|
| 001 | BRL_417 | ||
| 005 | 20190320210731.0 | ||
| 008 | 070813s1971----sp-######d---#000-0#spa-# | ||
| 041 | _aspa | ||
| 044 | _asp | ||
| 050 | 4 |
_aPC4591 _b.S25 1971 |
|
| 100 | 1 |
_aSainz de Robles, Federico Carlos _923866 |
|
| 245 | 1 | 0 |
_aEnsayo de un diccionario de sinónimos y antónimos _cFederico Carlos Sainz de Robles. |
| 250 | _a8, 2 reimp. | ||
| 260 |
_aMadrid _bAguilar _c1971 |
||
| 300 |
_a1148 p. _c25 cm. |
||
| 500 | _aAu418 | ||
| 500 | _aTiene el lomo desprendido. | ||
| 650 | 1 | 4 |
_aEspañol _xSinónimos y antónimos _923867 |
| 902 | _aGRL | ||
| 942 |
_2lcc _cB |
||
| 999 |
_c9230 _d9230 |
||